000 00767nam a2200241 i 4500
001 6978
003 ES-MaACL
005 20230906145132.0
007 t|
008 900719s1990 sp ||||1| spa d
020 _a84-7517-295-4
080 _a889.9-14"19"
080 _a889.9(Elytis,O.7 M.03=6)
100 1 _aElytes, Odysseas.
_9141766
245 1 0 _aMaria Nefeli
_b: (poema escénico) /
_cOdysseas Elytis ; traducción y notas de José Antonio Moreno Jurado.
260 _aMadrid :
_bHiperión,
_cD.L. 1990.
300 _a118 p. ;
_c20 cm.
490 1 _aPoesía Hiperión ;
_v158
700 1 _aMoreno Jurado, Jose Antonio.
_983393
830 0 _aPoesía Hiperión ;
_v158
_9177326
852 _aES-MaACL
_jL-14209
_bR.118172
_z. - rust.
999 _c6978
_d6978